Az ember tragédiája a szabadtérin. - 6. Vámos kesztyűje
Elmentve itt :
| Szerző: | |
|---|---|
| Dokumentumtípus: | Cikk |
| Megjelent: |
1976-07-17
|
| Sorozat: | Délmagyarország
66 No. 168 |
| Kulcsszavak: | Szabadtéri Játékok |
| Online Access: | http://dmarchiv.bibl.u-szeged.hu/122960 |
| LEADER | 00496nab a2200157 i 4500 | ||
|---|---|---|---|
| 001 | delm122960 | ||
| 005 | 20190503115042.0 | ||
| 008 | 190503s1976 hu o 0|| hun d | ||
| 040 | |a SZTE Délmagyarország Archívum |b hun | ||
| 041 | |a hun | ||
| 100 | 1 | |a Nikolényi István | |
| 245 | 1 | 3 | |a Az ember tragédiája a szabadtérin. - 6. Vámos kesztyűje |h [elektronikus dokumentum] / |c Nikolényi István |
| 260 | |c 1976-07-17 | ||
| 300 | |a 5 | ||
| 490 | 0 | |a Délmagyarország |v 66 No. 168 | |
| 695 | |a Szabadtéri Játékok | ||